LEADER 01325nam a2200313 a 4500 001 000000172097 003 CaOOAMICUS 005 20190619115242.0 008 190619s2011 it d 000 u ita r 020 $a978-88-430-2772-9* 032 $aLibriCat 040 $aPUL$bita 082 04$a300.1 100 1 $aMeraviglia, Cinzia.$0(OLS)http://pul/name/110463 245 10$aMetodologia delle scienze sociali :$bun'introduzione /$cCinzia Meraviglia. 260 $aRoma :$bCarocci,$c2011$g(stampa 2018) 300 $a199 p. :$bgrafici ;$c22 cm 490 1 $aStudi superiori. $aSociologia ;$v623 504 $aBibliografia p. 193-199. 650 4$aSociologia$xMetodologia.$0(OLS)http://pul/subject/16125 830 0$aStudi superiori (Carocci).$pSociologia ;$v623.$0(OLS)http://pul/title/212986 850 $aPUL 852 $aPUL$W1$xSL Diritto e Scienze Sociali 3$y79$m300. 1 MERCI 1$j196021$bstampa 2018$qDDC 21$B200787$CPULBib$Z2$F200787 $H132917 $82 941 1 $a9 996 $6020$a978-88-430-2772-9*$9(OLS)http://pul/number/166232 996 $6082$a300.1$9(OLS)http://pul/classification/2146 996 $6245$aMetodologia delle scienze sociali :$bun'introduzione$9(OLS)http://pul/title/212985 996 $6260$aRoma :$bCarocci$9(OLS)http://pul/publisher/66917 LEADER 00911nam a2200241 a 4500 001 000000175550 003 CaOOAMICUS 005 20221130113033.0 008 221130s2020 it a rm 000 0 ita r 032 $aLibriCat 040 $aPUL$bita 100 1 $aSapienza, Leonardo,$cR.C.I.,$d1952-$0(OLS)http://pul/name/68496 245 10$aLibertà / $cLeonardo Sapienza. 260 $aRoma :$bEditrice La Ricerca,$c2020. 300 $a216 p. :$b$c20 cm 650 4$aLibertà (filosofia).$0(OLS)http://pul/subject/9862 650 4$aLibertà di pensiero.$0(OLS)http://pul/subject/16881 850 $aPUL 852 $aPUL$W1$xSL Filosofia 3$y81$m128 SAPLE 1$j199756$qDDC 21$B204491$CPULBib$Z2$F204491 $H135927 $82 941 1 $a9 996 $6245$aLibertà / $9(OLS)http://pul/title/199125 996 $6260$aRoma :$bEditrice La Ricerca$9(OLS)http://pul/publisher/86024